00974nam a22002537a 450000500170000000800410001702000180005804100080007604400070008408200150009124501620010626000910026830000240035950400660038365000220044965000390047165000270051065000420053770000350057970000210061470000320063570000210066770000320068820200104041628.0140529s2013 ck a gr 00010 spa d a9789587616118 aspa ack04a584.5bC8300aCosechar sin destruir : baprovechamiento sostenible de palmas colombianas / cKatherinne Benavides Cortés, Rodrigo Bernal, Luisa Fernanda Casas ...(et al) aBogotábcolcienciasbUniversidad Nacional de Colombia. Facultad de Ciencias, c2013. a241 p.bil.c28 cm. aIncluye referencias bibliográficas (p. 217-234) e índice. 4aPalmasx Cultivo. 6aArtesanías con fibras vegetales. 4aDesarrollo sostenible. 4aPalmasx Distribución geográfica.1 aBenavides-Cortés, Katherine.1 aBernal, Rodrigo.1 aCasas-Caro, Luisa Fernanda.1 aGaleano, Gloria.1 aGamba-Trimiño, Catherine.